| 000 | 00892nam a22002895a 4500 | ||
|---|---|---|---|
| 001 | 42743 | ||
| 005 | 20171206131639.0 | ||
| 008 | 800813s1977 ctubk frb 00110 eng d | ||
| 020 | _a0300019424 | ||
| 020 | _a0300019955 (pbk.) | ||
| 040 |
_aEG-ScBUE _beng _cEG-ScBUE |
||
| 043 | _af------ | ||
| 082 | 0 | 4 |
_a320.9603 _bDEC _222 |
| 100 | 1 | _aDecalo, Samuel. | |
| 245 | 1 | 0 |
_aCoups and army rule in Africa : _bstudies in military style / _cSamuel Decalo. |
| 250 | _a2nd printing. | ||
| 260 | 0 |
_aNew Haven : _bYale University Press, _c1977. |
|
| 300 |
_ax, 284 p. : _bforms, maps ; _c21 cm. |
||
| 500 | _aIncludes index. | ||
| 504 | _aBibliography: p. 255-268. | ||
| 650 | _2BUEsh | ||
| 651 | 7 |
_aAfrica _xPolitics and government _y1960- _2BUEsh |
|
| 651 | 7 |
_aAfrica _xArmed Forces _xPolitical activity. _2BUEsh |
|
| 653 |
_bBUSBOL _cDecember2017 |
||
| 655 |
_vText book _933728 |
||
| 942 | _2ddc | ||
| 999 |
_c25701 _d25673 |
||